[Event "URS Ch otbor56"]
[Site "Uzhgorod"]
[Date "1988.??.??"]
[Round "?"]
[White "Balashov, Yuri S"]
[Black "Sideif-Sade, Fikret I"]
[Result "1-0"]
[WhiteElo "2555"]
[BlackElo "2395"]
[PlyCount "107"]
[EventDate "1988.??.??"]
[Source "www.chesslib.no"]
[SourceDate "2004.05.04"]

1. e4 c5 2. Nc3 Nc6 3. g3 g6 4. Bg2 Bg7 5. d3 e6 6. Be3 Nd4 7. Nce2 Ne7 8. c3 Nxe2 9. Nxe2 d6 10. Qd2 e5 11. f4 O-O 12. O-O Qc7 13. d4 Bg4 14. fxe5 cxd4 15. cxd4 dxe5 16. d5 Qd7 17. Nc1 Nc8 18. Nd3 Qe7 19. h3 Bd7 20. Bc5 Qd8 21. Bxf8 Qxf8 22. Rf2 Qe7 23. Rc1 Nd6 24. Nc5 Be8 25. Qe3 h5 26. h4 Kh7 27. Rcc2 Bh6 28. Qe1 Nb5 29. Nb3 a5 30. Kh2 a4 31. Nd2 Nd4 32. Rc3 b5 33. Nf3 b4 34. Rc4 b3 35. axb3 Nxb3 36. Qc3 Bg7 37. Rc7 Qd6 38. Ng5+ Kg8 39. Nxf7 Qb6 40. Nxe5 Qxf2 41. d6 Qf6 42. Rc8 Rxc8 43. Qxc8 Qf8 44. d7 Bxd7 45. Qxd7 Bxe5 46. Qe6+ Kh7 47. Qxe5 Qg7 48. Qd5 Qxb2 49. e5 a3 50. Kh3 Kg7 51. Qd7+ Kh6 52. Qe8 Kg7 53. Bd5 g5 54. Qg8+ 1-0

[Event "URS-ch sf"]
[Site "Minsk"]
[Date "1983.??.??"]
[Round "?"]
[White "Bronstein, David I"]
[Black "Korzubov, Peter"]
[Result "1/2-1/2"]
[WhiteElo "2490"]
[BlackElo "2450"]
[PlyCount "86"]
[EventDate "1983.09.??"]
[Source "ChessBase"]

1. e4 c5 2. Nc3 Nc6 3. g3 g6 4. Bg2 Bg7 5. d3 e6 6. Be3 Nd4 7. Nce2 Ne7 8. c3 Nxe2 9. Nxe2 b6 10. d4 cxd4 11. Nxd4 Bb7 12. O-O O-O 13. f4 f5 14. e5 Bxg2 15. Kxg2 g5 16. Qh5 Ng6 17. h3 Qe8 18. Kh2 Qf7 19. Qxg5 h6 20. Qh5 Nxe5 21. Qxf7+ Nxf7 22. Rfd1 Rfc8 23. g4 fxg4 24. hxg4 Rc4 25. Kg3 Nd6 26. Kf3 Rf8 27. Ne2 Nf7 28. Ng3 Ne5+ 29. Ke2 Nxg4 30. Rxd7 Nxe3 31. Kxe3 Rf7 32. Rxf7 Kxf7 33. Rd1 Ke7 34. Ne4 Rc7 35. Rg1 Bf8 36. Rf1 Kf7 37. f5 exf5 38. Rxf5+ Kg7 39. a4 Be7 40. a5 Kg6 41. axb6 axb6 42. Re5 Bc5+ 43. Nxc5 bxc5 1/2-1/2

[Event "Rijeka 1st"]
[Site "Rijeka"]
[Date "2001.??.??"]
[Round "9"]
[White "Golubovic, Boris"]
[Black "Inkiov, Ventzislav"]
[Result "1/2-1/2"]
[WhiteElo "2476"]
[BlackElo "2448"]
[PlyCount "28"]
[EventDate "2001.01.20"]
[Source "ChessBase"]
[SourceDate "2001.03.08"]

1. e4 c5 2. Nc3 Nc6 3. g3 g6 4. Bg2 Bg7 5. d3 e6 6. Be3 Nd4 7. Nce2 e5 8. c3 Ne6 9. Qd2 d6 10. d4 h6 11. f4 cxd4 12. cxd4 exf4 13. Nxf4 Nf6 14. Nge2 Ng4 1/2-1/2

[Event "AUT-chT2W 9900"]
[Site "?"]
[Date "2000.03.04"]
[Round "10"]
[White "Donev Ivo Hristov"]
[Black "Schmittdiel Eckhard"]
[Result "1/2-1/2"]
[WhiteElo "2401"]
[BlackElo "2505"]
[PlyCount "80"]
[EventDate "2000.??.??"]
[Source "www.chesslib.no"]
[SourceDate "2004.05.04"]

1. e4 c5 2. Nc3 Nc6 3. g3 g6 4. Bg2 Bg7 5. d3 e6 6. Be3 Nd4 7. Nce2 d6 8. c3 Nxe2 9. Nxe2 Nf6 10. O-O O-O 11. Qd2 Ng4 12. Bg5 f6 13. Bf4 e5 14. Be3 Be6 15. Bh3 Kh8 16. Bxg4 Bxg4 17. f3 Be6 18. c4 f5 19. Bh6 Rf7 20. Bxg7+ Kxg7 21. Rf2 fxe4 22. fxe4 Rxf2 23. Kxf2 Qf6+ 24. Kg2 Rf8 25. Qe3 h5 26. h3 g5 27. Nc3 Kg6 28. Re1 a6 29. Qe2 Qf7 30. Nd1 Qd7 31. Rh1 b5 32. Ne3 Qb7 33. Rf1 Rxf1 34. Qxf1 bxc4 35. Nxc4 g4 36. hxg4 hxg4 37. b3 Qb8 38. Ne3 Qb4 39. Qe2 Kg5 40. Nc4 Qb8 1/2-1/2

[Event "Corr"]
[Site "?"]
[Date "2000.??.??"]
[Round "?"]
[White "Figlio Gino Franco"]
[Black "Diani Jose Angel"]
[Result "1-0"]
[WhiteElo "2455"]
[BlackElo "2443"]
[PlyCount "79"]
[EventDate "2000.??.??"]
[Source "www.chesslib.no"]
[SourceDate "2004.05.04"]

1. e4 c5 2. Nc3 Nc6 3. g3 g6 4. Bg2 Bg7 5. d3 e6 6. Be3 Nd4 7. Nce2 b6 8. Nxd4 cxd4 9. e5 dxe3 10. Bxa8 Bxe5 11. d4 exf2+ 12. Kxf2 Qf6+ 13. Nf3 Bb8 14. Kg2 Ne7 15. Qd2 O-O 16. Rae1 d5 17. Qe2 Bd6 18. c3 Qf5 19. Ne5 Bxe5 20. dxe5 Qh5 21. Qb5 Qg5 22. Rhf1 Qd2+ 23. Kg1 Nf5 24. Bc6 Ne3 25. Re2 Nxf1 26. Rxd2 Nxd2 27. Qa4 Nf3+ 28. Kf2 Nxe5 29. Bb5 a6 30. Bxa6 Bxa6 31. Qxa6 Nc4 32. b3 Nd6 33. Qxb6 Ne4+ 34. Ke3 Nxc3 35. a4 e5 36. a5 d4+ 37. Kd3 Ra8 38. a6 Nd5 39. Qb7 Rxa6 40. Qxd5 1-0

[Event "Graz"]
[Site "Graz AUT"]
[Date "1992.??.??"]
[Round "3"]
[White "Rogulj, Branko"]
[Black "Horvath, Tamas"]
[Result "1/2-1/2"]
[WhiteElo "2445"]
[BlackElo "2425"]
[PlyCount "89"]
[EventDate "1992.??.??"]
[Source "www.chesslib.no"]
[SourceDate "2004.05.04"]

1. e4 c5 2. Nc3 Nc6 3. g3 g6 4. Bg2 Bg7 5. d3 e6 6. Be3 Nd4 7. Nce2 Ne7 8. c3 Nxe2 9. Nxe2 b6 10. d4 cxd4 11. Bxd4 e5 12. Be3 Bb7 13. O-O d5 14. Qc2 dxe4 15. Bxe4 Bxe4 16. Qxe4 O-O 17. Bg5 f6 18. Rad1 Qc7 19. Bc1 Rfd8 20. b3 Qc6 21. Qc2 Nf5 22. Ba3 h5 23. Rd3 Rxd3 24. Qxd3 e4 25. Qd2 Bh6 26. Nf4 Bxf4 27. Qxf4 Re8 28. Re1 e3 29. fxe3 Re4 30. Qb8+ Re8 31. Qf4 Qxc3 32. Bb4 Qd3 33. Kf2 Re5 34. Rc1 Qxe3+ 35. Qxe3 Nxe3 36. Rc8+ Kf7 37. Rc7+ Ke8 38. Rxa7 Ng4+ 39. Kg1 Re2 40. h3 Ne5 41. Bc3 Nf3+ 42. Kf1 Re6 43. Rb7 Rc6 44. Bb4 Nd4 45. Re7+ 1/2-1/2

[Event "Vicente Lopez Open"]
[Site "Vicente Lopez"]
[Date "1993.??.??"]
[Round "5"]
[White "Paglilla, Carlos"]
[Black "Ricardi, Pablo"]
[Result "1-0"]
[WhiteElo "2325"]
[BlackElo "2480"]
[PlyCount "144"]
[EventDate "1993.??.??"]
[Source "www.chesslib.no"]
[SourceDate "2004.05.04"]

1. e4 c5 2. Nc3 Nc6 3. g3 g6 4. Bg2 Bg7 5. d3 e6 6. Be3 Nd4 7. Nce2 Ne7 8. c3 Nxe2 9. Nxe2 d6 10. O-O O-O 11. d4 b6 12. Qd2 Ba6 13. Rfe1 Re8 14. e5 cxd4 15. cxd4 Rc8 16. exd6 Qxd6 17. Nc3 Nf5 18. Rad1 Qd7 19. Ne4 h6 20. Bf4 Red8 21. g4 Nxd4 22. Bxh6 Ne2+ 23. Qxe2 Qxd1 24. Qxd1 Rxd1 25. Rxd1 Bxh6 26. g5 Bg7 27. Nf6+ Kf8 28. Be4 Bb5 29. b3 Rc5 30. h4 Bxf6 31. gxf6 Ke8 32. Rd6 Rc1+ 33. Kg2 Rc3 34. f3 Rc1 35. Kg3 Bd7 36. Kf4 Rc5 37. Bxg6 fxg6 38. f7+ Kxf7 39. Rxd7+ Kf6 40. Rxa7 Rc2 41. Ra6 b5 42. Ra5 b4 43. Ra4 Re2 44. Rxb4 Rxa2 45. Rb8 Rh2 46. Kg3 Rb2 47. b4 Rb1 48. b5 Rb4 49. b6 Kg7 50. b7 Kh7 51. Kf2 Rb3 52. Ke2 Kg7 53. Kd2 Rb6 54. Kc3 Rb1 55. Kd4 Rb5 56. Kc4 Rb1 57. Kc5 Rb2 58. Kc6 Rc2+ 59. Kd6 Rd2+ 60. Kxe6 Re2+ 61. Kd5 Rd2+ 62. Ke5 Rb2 63. Kf4 Rb4+ 64. Kg5 Rb5+ 65. Kg4 Kh7 66. f4 Kg7 67. h5 gxh5+ 68. Kh4 Rb4 69. Kxh5 Rb5+ 70. Kg4 Rb4 71. Kf3 Rb3+ 72. Ke4 Rb4+ 1-0

[Event "Elenite Open"]
[Site "Elenite"]
[Date "1986.??.??"]
[Round "?"]
[White "Arnaudov, Petar"]
[Black "Ubilava, Elizbar E"]
[Result "1-0"]
[WhiteElo "2275"]
[BlackElo "2515"]
[PlyCount "173"]
[EventDate "1986.??.??"]
[Source "www.chesslib.no"]
[SourceDate "2004.05.04"]

1. e4 c5 2. Nc3 Nc6 3. g3 g6 4. Bg2 Bg7 5. d3 e6 6. Be3 Nd4 7. Nce2 Ne7 8. c3 Nxe2 9. Nxe2 b6 10. Qd2 h5 11. h3 Bb7 12. O-O d5 13. Rad1 Qc7 14. Qc1 O-O-O 15. Bf4 e5 16. Bg5 f6 17. Be3 c4 18. d4 dxe4 19. dxe5 fxe5 20. Rxd8+ Rxd8 21. Qc2 Qc6 22. Bg5 Rd7 23. g4 hxg4 24. hxg4 Qe6 25. Ng3 Nd5 26. Nxe4 Qxg4 27. f3 Qf5 28. Qa4 Bf8 29. Qxc4+ Kb8 30. Re1 Nf4 31. Bxf4 Qxf4 32. b4 Qh4 33. Kf1 Rc7 34. Qd3 Bc8 35. Rd1 Rd7 36. Qc2 Ba6+ 37. Kg1 Rh7 38. Qa4 Bc8 39. Qe8 Be7 40. a4 Rh8 41. Qxg6 Qh2+ 42. Kf1 Bh3 43. Nf2 Bxg2+ 44. Qxg2 Qh6 45. Qg3 Bd6 46. Ke2 Qe6 47. Ne4 Bc7 48. Kf2 Bd8 49. Ke3 Bc7 50. Qg7 Rg8 51. Qf6 Qe8 52. b5 Rf8 53. Qg7 Rf7 54. Qh6 Rf8 55. Nf6 Rxf6 56. Qxf6 e4 57. f4 Qh5 58. Rd8+ Bxd8 59. Qxd8+ Kb7 60. Qd7+ Kb8 61. Qd6+ Kb7 62. Qe7+ Kc8 63. Qxe4 Qh3+ 64. Kd4 Qd7+ 65. Qd5 Qg7+ 66. Kc4 Qg1 67. Qe6+ Kc7 68. Qc6+ Kb8 69. Qe4 Qd1 70. Qe5+ Kc8 71. Qf5+ Kb8 72. Kb4 Qd6+ 73. Kb3 Qd1+ 74. Qc2 Qf1 75. f5 Kc7 76. Qh2+ Kd7 77. Qh7+ Ke8 78. Qg8+ Ke7 79. Qe6+ Kf8 80. Qd6+ Kf7 81. Qd5+ Kf6 82. Qe6+ Kg7 83. Qe7+ Kg8 84. f6 Qd1+ 85. Kb4 Qb1+ 86. Kc4 Qa2+ 87. Kd3 1-0

[Event "EU Team Ch prel"]
[Site "Aarhus DEN"]
[Date "1971.09.08"]
[Round "4"]
[White "Pedersen, Karl"]
[Black "Filipowicz, Andrzej"]
[Result "0-1"]
[WhiteElo "2370"]
[BlackElo "2410"]
[PlyCount "82"]
[EventDate "1971.09.??"]
[Source "www.chesslib.no"]
[SourceDate "2004.05.04"]

1. e4 c5 2. Nc3 Nc6 3. g3 g6 4. Bg2 Bg7 5. d3 e6 6. Be3 Nd4 7. Nce2 d6 8. c3 Nc6 9. f4 Nge7 10. Nf3 Qa5 11. O-O d5 12. a3 O-O 13. b4 cxb4 14. axb4 Qc7 15. Qb3 b6 16. Nfd4 Bb7 17. f5 dxe4 18. fxe6 exd3 19. Bf4 Qc8 20. exf7+ Kh8 21. Nxc6 Nxc6 22. Nc1 Qd7 23. Bd2 Ne5 24. Qd1 Bxg2 25. Kxg2 Rxf7 26. Bf4 Qd5+ 27. Kh3 Raf8 28. Re1 Rf5 29. Bxe5 Bxe5 30. c4 Qxc4 31. Nxd3 Rh5+ 32. Qxh5 gxh5 33. Nxe5 Qxb4 34. Rad1 a5 35. Re3 a4 36. Rd7 Qc5 37. Re4 Qc1 38. Nf7+ Rxf7 39. Rxf7 Qc8+ 40. Kh4 a3 41. Ree7 Qg4# 0-1

[Event "Ptuj"]
[Site "Ptuj CRO"]
[Date "1995.??.??"]
[Round "10"]
[White "Blatny, Frantisek"]
[Black "Krumpacnik, Domen"]
[Result "0-1"]
[WhiteElo "2355"]
[BlackElo "2405"]
[PlyCount "94"]
[EventDate "1995.??.??"]
[Source "www.chesslib.no"]
[SourceDate "2004.05.04"]

1. e4 c5 2. Nc3 Nc6 3. g3 g6 4. Bg2 Bg7 5. d3 e6 6. Be3 Nd4 7. Nce2 d5 8. exd5 exd5 9. Nf4 Ne6 10. Nxd5 Bxb2 11. Rb1 Bg7 12. Ne2 Ne7 13. Nxe7 Qxe7 14. O-O O-O 15. Re1 Rb8 16. Nf4 b6 17. Qd2 Re8 18. Bc6 Rd8 19. Bd5 Nc7 20. Bd4 Qf8 21. Bxg7 Qxg7 22. Bg2 Ne6 23. a4 Qh6 24. Re5 Nxf4 25. gxf4 Be6 26. Qe3 a5 27. Re1 Rd6 28. Rg5 Qg7 29. Re5 Rbd8 30. Bh3 Bxh3 31. Qxh3 h6 32. Qh4 Kh7 33. Kg2 Qf6 34. Qxf6 Rxf6 35. Kg3 Rd4 36. R5e4 Rfd6 37. Kf3 Kg7 38. Rxd4 cxd4 39. Rb1 Kf6 40. h4 h5 41. Rb5 Ke6 42. f5+ gxf5 43. Kf4 f6 44. Rxf5 Rd5 45. Rxd5 Kxd5 46. Kf3 f5 47. Ke2 Kc5 0-1

[Event "Peer Gynt"]
[Site "Gausdal NOR"]
[Date "1990.??.??"]
[Round "6"]
[White "Dannevig, Oystein"]
[Black "Inkiov, Ventzislav V"]
[Result "0-1"]
[WhiteElo "2245"]
[BlackElo "2510"]
[PlyCount "58"]
[EventDate "1990.07.??"]
[Source "www.chesslib.no"]
[SourceDate "2004.05.04"]

1. e4 c5 2. Nc3 Nc6 3. g3 g6 4. Bg2 Bg7 5. d3 e6 6. Be3 Nd4 7. Nce2 e5 8. c3 Ne6 9. f4 exf4 10. gxf4 Ne7 11. Ng3 Bh6 12. Qd2 f5 13. h4 d5 14. exf5 gxf5 15. d4 cxd4 16. cxd4 Qc7 17. Nh5 O-O 18. Nf3 Bd7 19. Rc1 Qd6 20. Ne5 Be8 21. Bf3 Kh8 22. Rg1 Ng6 23. Kd1 Qa6 24. a3 Nxe5 25. fxe5 Bxh5 26. Bxh5 f4 27. Bf2 f3 28. Rg5 Nxg5 29. hxg5 Bxg5 0-1

[Event "WchJM-U16"]
[Site "Duisburg"]
[Date "1992.??.??"]
[Round "5"]
[White "Lyrberg, Patrik"]
[Black "Papaioannou, Ioannis"]
[Result "0-1"]
[WhiteElo "2395"]
[BlackElo "2335"]
[PlyCount "74"]
[EventDate "1992.??.??"]
[Source "www.chesslib.no"]
[SourceDate "2004.05.04"]

1. e4 c5 2. Nc3 Nc6 3. g3 g6 4. Bg2 Bg7 5. d3 e6 6. Be3 Nd4 7. Nce2 Nxe2 8. Nxe2 d6 9. d4 Qc7 10. O-O Ne7 11. Qd2 O-O 12. Rad1 b6 13. Nc3 Ba6 14. Rfe1 Rfd8 15. d5 e5 16. f4 b5 17. Bf1 b4 18. Bxa6 bxc3 19. bxc3 Qa5 20. Qd3 exf4 21. gxf4 Qxc3 22. e5 Qxd3 23. Rxd3 Nf5 24. Bf2 Rab8 25. Bc4 Rb4 26. Ba6 Rxf4 27. exd6 Bd4 28. Bxd4 cxd4 29. c4 dxc3 30. Rxc3 Rxd6 31. Bb7 Nh4 32. Rf1 Rg4+ 33. Kh1 Rb4 34. Rc8+ Kg7 35. Rc7 Rf6 36. Rd1 Rb2 37. d6 Rxd6 0-1

[Event "RUS-Cup4"]
[Site "Perm"]
[Date "1997.02.15"]
[Round "8"]
[White "Krapivin, Vladislav"]
[Black "Dzuban, Oleg I"]
[Result "1-0"]
[WhiteElo "2300"]
[BlackElo "2425"]
[PlyCount "73"]
[EventDate "1997.02.02"]
[Source "ChessBase"]

1. e4 c5 2. Nc3 Nc6 3. g3 g6 4. Bg2 Bg7 5. d3 e6 6. Be3 Nd4 7. Nce2 d6 8. c3 Nxe2 9. Nxe2 Ne7 10. O-O O-O 11. Qd2 b6 12. d4 Bb7 13. Rfd1 cxd4 14. cxd4 Rc8 15. Nc3 d5 16. e5 Qd7 17. Bh6 Ba6 18. h4 Rc7 19. h5 Rfc8 20. Bxg7 Kxg7 21. h6+ Kf8 22. Qf4 Ng8 23. Rd2 Qd8 24. Bh3 Rc6 25. Kg2 R8c7 26. Rh1 f6 27. exf6 Rf7 28. Re1 Rxf6 29. Qg5 Kf7 30. Re3 Bb7 31. Kg1 Qf8 32. f4 Qxh6 33. Bg4 Qf8 34. Rh2 Kg7 35. Qh4 h6 36. Qh3 Qf7 37. Rhe2 1-0

[Event "Lugano Open"]
[Site "Lugano SUI"]
[Date "1989.??.??"]
[Round "6"]
[White "Lagumina, Giulio"]
[Black "Antonio, Rogelio jr"]
[Result "0-1"]
[WhiteElo "2310"]
[BlackElo "2410"]
[PlyCount "60"]
[EventDate "1989.03.??"]
[Source "www.chesslib.no"]
[SourceDate "2004.05.04"]

1. e4 c5 2. Nc3 Nc6 3. g3 g6 4. Bg2 Bg7 5. d3 e6 6. Be3 Nd4 7. Nce2 Ne7 8. c3 Nxe2 9. Nxe2 d6 10. O-O O-O 11. d4 cxd4 12. Bxd4 e5 13. Be3 Be6 14. Qd2 Qc7 15. Rfc1 b5 16. a4 a6 17. Rd1 Bc4 18. Nc1 bxa4 19. Rxa4 Rfd8 20. b3 Bb5 21. Ra3 Bc6 22. c4 Qb7 23. Qc2 f5 24. Ne2 fxe4 25. Bg5 e3 26. Bxc6 exf2+ 27. Kf1 Qxc6 28. Bxe7 Qh1+ 29. Kxf2 Rf8+ 30. Bxf8 Rxf8+ 0-1

[Event "Moscow2"]
[Site "Moscow"]
[Date "1991.??.??"]
[Round "?"]
[White "Shchekachev, Andrei"]
[Black "Olbrich, Joachim"]
[Result "1-0"]
[WhiteElo "2355"]
[BlackElo "2360"]
[PlyCount "97"]
[EventDate "1991.??.??"]
[Source "ChessBase"]

1. e4 c5 2. Nc3 Nc6 3. g3 g6 4. Bg2 Bg7 5. d3 e6 6. Be3 Nd4 7. Nce2 Ne7 8. c3 Nxe2 9. Nxe2 d6 10. d4 Qa5 11. dxc5 dxc5 12. Qd6 Qb6 13. Bxc5 Qxd6 14. Bxd6 Bd7 15. f4 Nc8 16. Bc5 b6 17. Bd4 Bxd4 18. Nxd4 Ne7 19. e5 Rc8 20. Rd1 Rc7 21. Rd2 O-O 22. O-O Rfc8 23. Rfd1 Kf8 24. Kf2 Ke8 25. h4 h5 26. Be4 Ba4 27. b3 Bd7 28. c4 Rb8 29. Nf3 Bc6 30. Ng5 Bxe4 31. Nxe4 Ng8 32. Kf3 Ke7 33. Rd3 Rf8 34. Rd6 Rb8 35. a4 Ra8 36. R1d3 Rb8 37. Nc3 Nh6 38. Nb5 Rcb7 39. a5 bxa5 40. Ra6 Ra8 41. Rxa5 Nf5 42. Ra6 Kf8 43. Ke4 Ne7 44. Ke3 Nf5+ 45. Kd2 Ke7 46. Nd6 Rc7 47. Kc3 Rb8 48. b4 Rb6 49. Rxa7 1-0

[Event "Graz Ch"]
[Site "Graz AUT"]
[Date "1992.??.??"]
[Round "8"]
[White "Supancic, Darko"]
[Black "Zupe, Miran"]
[Result "0-1"]
[WhiteElo "2340"]
[BlackElo "2365"]
[PlyCount "67"]
[EventDate "1992.??.??"]
[Source "www.chesslib.no"]
[SourceDate "2004.05.04"]

1. e4 c5 2. Nc3 Nc6 3. g3 g6 4. Bg2 Bg7 5. d3 e6 6. Be3 Nd4 7. Nce2 Ne7 8. c3 Nxe2 9. Nxe2 b6 10. d4 cxd4 11. cxd4 d5 12. O-O O-O 13. Nc3 Bb7 14. e5 Qd7 15. f4 f5 16. Rc1 Rfc8 17. Rf2 Nc6 18. Bf1 Bf8 19. Bb5 a6 20. Bxc6 Rxc6 21. Rfc2 Rac8 22. Nb1 b5 23. Rxc6 Rxc6 24. Rxc6 Qxc6 25. Nd2 Bb4 26. Nb3 Bc8 27. a3 Be7 28. Qc1 Qc4 29. Na5 Qxc1+ 30. Bxc1 b4 31. axb4 Bxb4 32. Nb3 Kf7 33. Bd2 Be7 34. Nc5 0-1

[Event "Passau op 5th"]
[Site "?"]
[Date "1997.??.??"]
[Round "7"]
[White "Baumhus Reinhard"]
[Black "Bartsch Berthold"]
[Result "1/2-1/2"]
[WhiteElo "2355"]
[BlackElo "2345"]
[PlyCount "143"]
[EventDate "1997.??.??"]
[Source "www.chesslib.no"]
[SourceDate "2004.05.04"]

1. e4 c5 2. Nc3 Nc6 3. g3 g6 4. Bg2 Bg7 5. d3 e6 6. Be3 Nd4 7. Nce2 d6 8. c3 Nxe2 9. Nxe2 Ne7 10. O-O O-O 11. Qd2 Rb8 12. d4 c4 13. d5 exd5 14. Bxa7 Ra8 15. Bd4 dxe4 16. Bxg7 Kxg7 17. Bxe4 Qb6 18. Rfe1 Ra5 19. Qd4+ Qxd4 20. Nxd4 d5 21. Bg2 Nc6 22. Nc2 Rb5 23. Ne3 Be6 24. Re2 Ra8 25. a3 Ra6 26. Rd1 Ne7 27. f4 Rab6 28. Rdd2 h5 29. h3 f5 30. Kf2 Kf7 31. Ke1 Rc5 32. Kd1 Rd6 33. Nc2 Ng8 34. Nd4 Nf6 35. Nf3 b5 36. Kc1 Kf8 37. Ne5 Kg7 38. Re3 h4 39. gxh4 Rc8 40. Rde2 Bg8 41. Bf3 d4 42. cxd4 Rxd4 43. Rg2 Bf7 44. h5 Rxf4 45. h6+ Kf8 46. Rxg6 Rxf3 47. Rxf6 Rxe3 48. Rxf7+ Ke8 49. h7 Rxh3 50. Rg7 Rc5 51. Nf3 Rc8 52. Ne5 Rc5 53. Ng6 f4 54. Nxf4 Rh1+ 55. Kd2 Rh2+ 56. Kc3 Rf5 57. Ng6 Rf3+ 58. Kd4 Rfh3 59. Rg8+ Kf7 60. h8=Q Rxh8 61. Rxh8 Rxb2 62. Ne5+ Ke6 63. Rh6+ Kf5 64. Nc6 Rb3 65. Ne7+ Kg5 66. Ra6 b4 67. Ra5+ Kg4 68. a4 c3 69. Rc5 Ra3 70. a5 c2 71. Rxc2 Rxa5 72. Nd5 1/2-1/2

[Event "Tatran Cup"]
[Site "Strbske Pleso"]
[Date "1978.??.??"]
[Round "10"]
[White "Franzen, Jozef"]
[Black "Joksic, Sinisa"]
[Result "1-0"]
[WhiteElo "2290"]
[BlackElo "2405"]
[PlyCount "59"]
[EventDate "1978.11.??"]
[Source "www.chesslib.no"]
[SourceDate "2004.05.04"]

1. e4 c5 2. Nc3 Nc6 3. g3 g6 4. Bg2 Bg7 5. d3 e6 6. Be3 Nd4 7. Nce2 d5 8. c3 Nxe2 9. Nxe2 Qd6 10. exd5 exd5 11. Qb3 Ne7 12. Qb5+ Bd7 13. Qxc5 Qa6 14. O-O b6 15. Qd6 Rc8 16. Nd4 Qb7 17. Bg5 Be6 18. Nxe6 fxe6 19. Qxe6 Qd7 20. Rae1 Rc7 21. Bxd5 Qxe6 22. Rxe6 h6 23. Bf4 Rc5 24. Rfe1 Bf8 25. Bb3 Rh7 26. Rxg6 Rf5 27. Rc6 Kd8 28. Rd6+ Ke8 29. d4 Rg7 30. Bxh6 1-0

[Event "Kecskemet Open"]
[Site "Kecskemet HUN"]
[Date "1987.??.??"]
[Round "?"]
[White "Werner, Marc"]
[Black "Farago, Sandor"]
[Result "1-0"]
[WhiteElo "2310"]
[BlackElo "2380"]
[PlyCount "120"]
[EventDate "1987.06.??"]
[Source "www.chesslib.no"]
[SourceDate "2004.05.04"]

1. e4 c5 2. Nc3 Nc6 3. g3 g6 4. Bg2 Bg7 5. d3 e6 6. Be3 Nd4 7. Nce2 d6 8. c3 Nxe2 9. Nxe2 Ne7 10. Qd2 h6 11. O-O Bd7 12. d4 cxd4 13. Bxd4 e5 14. Be3 Bb5 15. b3 Qa5 16. c4 Qxd2 17. Bxd2 Bc6 18. Bb4 O-O-O 19. Rfd1 Kc7 20. Nc3 Rd7 21. Rac1 Rhd8 22. Bf1 f5 23. f3 Bf8 24. Rc2 Nc8 25. Ba5+ b6 26. Nd5+ Kb8 27. Bc3 Bb7 28. a4 Rf7 29. a5 h5 30. Bd2 Bg7 31. axb6 Nxb6 32. Ba5 Nxd5 33. cxd5 Rc8 34. Rxc8+ Kxc8 35. Rc1+ Kb8 36. Bb4 Bf8 37. Bb5 fxe4 38. fxe4 Rf3 39. Rf1 Rxf1+ 40. Kxf1 g5 41. h4 gxh4 42. gxh4 Be7 43. Be2 Kc7 44. Be1 Kb6 45. Bxh5 Kc5 46. Ke2 Kd4 47. Bg6 Ba6+ 48. Kd2 Kc5 49. Kc3 Kb6 50. h5 Be2 51. Bd2 Bf8 52. Bg5 Kc7 53. b4 a6 54. h6 Bg4 55. Bf5 Bh5 56. h7 Bg7 57. Be7 Be8 58. Kd2 Bd7 59. Ke3 Bxf5 60. exf5 Kd7 1-0

[Event "Foment Open"]
[Site "Barcelona ESP"]
[Date "1992.??.??"]
[Round "?"]
[White "Roig Grau, Jesus"]
[Black "Komljenovic, Davor"]
[Result "1/2-1/2"]
[WhiteElo "2195"]
[BlackElo "2495"]
[PlyCount "81"]
[EventDate "1992.??.??"]
[Source "www.chesslib.no"]
[SourceDate "2004.05.04"]

1. e4 c5 2. Nc3 Nc6 3. g3 g6 4. Bg2 Bg7 5. d3 e6 6. Be3 Nd4 7. Nce2 Ne7 8. c3 Nxe2 9. Nxe2 b6 10. Qd2 Ba6 11. d4 Bxe2 12. Qxe2 cxd4 13. Bxd4 Bxd4 14. cxd4 O-O 15. O-O d5 16. exd5 Nxd5 17. Rac1 Qd7 18. Qe5 Rfd8 19. Rc4 Rac8 20. Bxd5 Qxd5 21. Qxd5 exd5 22. Rcc1 Re8 23. Rfe1 Rxe1+ 24. Rxe1 a5 25. Re5 Rc2 26. b3 Rxa2 27. Rxd5 Rb2 28. Rb5 Kf8 29. Rxb6 a4 30. b4 Ke7 31. b5 a3 32. Ra6 a2 33. Kg2 Kd7 34. d5 Kc7 35. d6+ Kd7 36. h4 h6 37. g4 Ke6 38. Kg3 g5 39. hxg5 hxg5 40. Kf3 f6 41. Kg3 1/2-1/2

[Event "Val Thorens"]
[Site "Val Thorens FRA"]
[Date "1989.??.??"]
[Round "9"]
[White "Werner, Marc"]
[Black "Marciano, David"]
[Result "1/2-1/2"]
[WhiteElo "2360"]
[BlackElo "2325"]
[PlyCount "22"]
[EventDate "1989.??.??"]
[Source "www.chesslib.no"]
[SourceDate "2004.05.04"]

1. e4 c5 2. Nc3 Nc6 3. g3 g6 4. Bg2 Bg7 5. d3 e6 6. Be3 Nd4 7. Nce2 Ne7 8. c3 Nxe2 9. Nxe2 b6 10. d4 cxd4 11. Bxd4 e5 1/2-1/2

[Event "Budapest HUN"]
[Site "?"]
[Date "1991.??.??"]
[Round "?"]
[White "Roos Jean Luc"]
[Black "Teske Henrik"]
[Result "1/2-1/2"]
[WhiteElo "2305"]
[BlackElo "2380"]
[PlyCount "24"]
[EventDate "1991.??.??"]
[Source "www.chesslib.no"]
[SourceDate "2004.05.04"]

1. e4 c5 2. Nc3 Nc6 3. g3 g6 4. Bg2 Bg7 5. d3 e6 6. Be3 Nd4 7. Nce2 Ne7 8. c3 Nxe2 9. Nxe2 b6 10. d4 d6 11. O-O Bb7 12. Qd2 O-O 1/2-1/2

[Event "CSR Team Ch 9091"]
[Site "Czekhoslovakia"]
[Date "1991.02.02"]
[Round "7.2"]
[White "Kolesar, Milan"]
[Black "Langner, Ladislav"]
[Result "0-1"]
[WhiteElo "2305"]
[BlackElo "2380"]
[PlyCount "66"]
[EventDate "1990.??.??"]
[Source "www.chesslib.no"]
[SourceDate "2004.05.04"]

1. e4 c5 2. Nc3 Nc6 3. g3 g6 4. Bg2 Bg7 5. d3 e6 6. Be3 Nd4 7. Nce2 Nxe2 8. Nxe2 Bxb2 9. Rb1 Bg7 10. Bxc5 d6 11. Be3 Ne7 12. Qd2 O-O 13. h4 Nc6 14. c4 b6 15. h5 Bb7 16. Bh6 Qd7 17. Bxg7 Kxg7 18. Bh3 Rae8 19. Nf4 Qd8 20. Qc3+ e5 21. O-O Nd4 22. Rb2 Qg5 23. Bg2 f6 24. hxg6 hxg6 25. Ne2 Ne6 26. f4 Qh5 27. fxe5 fxe5 28. Qd2 Rh8 29. Kf2 Ref8+ 30. Ke1 Qh2 31. Bf3 Rf6 32. Qe3 Nd4 33. Rh1 Nxf3+ 0-1

[Event "Voronezh op-A"]
[Site "?"]
[Date "2000.??.??"]
[Round "4"]
[White "Severgin Valentin"]
[Black "Korobov Anton"]
[Result "1/2-1/2"]
[WhiteElo "2270"]
[BlackElo "2411"]
[PlyCount "94"]
[EventDate "2000.??.??"]
[Source "www.chesslib.no"]
[SourceDate "2004.05.04"]

1. e4 c5 2. Nc3 Nc6 3. g3 g6 4. Bg2 Bg7 5. d3 e6 6. Be3 Nd4 7. Nce2 Nxe2 8. Nxe2 b6 9. d4 Ba6 10. c3 cxd4 11. Bxd4 f6 12. O-O Ne7 13. f4 O-O 14. Re1 Qc7 15. Qa4 Bb7 16. Rad1 Bc6 17. Qa3 d5 18. Bf2 dxe4 19. Nd4 e3 20. Rxe3 Bxg2 21. Kxg2 e5 22. Qb3+ Kh8 23. fxe5 fxe5 24. Ne6 Qc6+ 25. Kg1 Nf5 26. Re2 Qf3 27. Rde1 Rf6 28. Ng5 Qg4 29. Nf7+ Rxf7 30. Qxf7 Nh4 31. Re3 Rf8 32. Qb7 Nf3+ 33. Rxf3 Rxf3 34. Qxa7 h5 35. Qxb6 Rd3 36. Qb4 Qe6 37. Qe4 Rd2 38. Re2 Rxe2 39. Qxe2 Qxa2 40. Qc2 Kh7 41. c4 Qa1+ 42. Kg2 Qa8+ 43. Kf1 Qh1+ 44. Bg1 Qf3+ 45. Qf2 Qd1+ 46. Qe1 Qf3+ 47. Qf2 Qd1+ 1/2-1/2

[Event "Moscow ol (Men)"]
[Site "Moscow"]
[Date "1994.??.??"]
[Round "7"]
[White "Berend, Fred"]
[Black "Davila, Carlos"]
[Result "1-0"]
[WhiteElo "2400"]
[BlackElo "2280"]
[PlyCount "97"]
[EventDate "1994.11.??"]
[Source "ChessBase"]

1. e4 c5 2. Nc3 Nc6 3. g3 g6 4. Bg2 Bg7 5. d3 e6 6. Be3 Nd4 7. Nce2 Ne7 8. c3 Nxe2 9. Nxe2 b6 10. Qd2 h6 11. d4 cxd4 12. Bxd4 e5 13. Be3 Qc7 14. b3 Bb7 15. c4 Nf5 16. O-O Nxe3 17. Qxe3 O-O 18. Nc3 d6 19. Rfd1 Rfd8 20. Rd3 a6 21. Rc1 Qc5 22. Qd2 b5 23. Nd5 Bxd5 24. Rxd5 Qb6 25. cxb5 axb5 26. Bf1 b4 27. Rc2 Rab8 28. Rb5 Qd4 29. Qxd4 exd4 30. Rxb8 Rxb8 31. Rc7 Re8 32. Bd3 Ra8 33. Bc4 Rxa2 34. Rxf7 Kh7 35. Rd7 g5 36. Rxd6 g4 37. Be6 h5 38. Bf5+ Kg8 39. Kg2 Rd2 40. Be6+ Kh7 41. Rd5 Kg6 42. Bf5+ Kf6 43. Bd7 Bh6 44. Rxh5 Be3 45. Rf5+ Ke7 46. Bb5 d3 47. Bc4 Bd4 48. e5 Rd1 49. Rf7+ 1-0